| 000 | 00659nam a2200229 a 4500 | ||
|---|---|---|---|
| 005 | 20210219153434.0 | ||
| 008 | 991125n 000 0 u | ||
| 035 | _aUPN01000099730 | ||
| 100 | 1 | _aWells, Ian | |
| 222 | 0 | _aBRITISH JOURNAL OF SPECIAL EDUCATION | |
| 245 | 0 | 0 | _aSevere learning difficulties in Northern Ireland : leaving school |
| 260 | _aReino Unido | ||
| 300 | _a63-66 | ||
| 362 | 0 | _a1991 Vol. 18, no. 2, jun. | |
| 653 | 0 | _aGUERRA ESTUDIANTIL | |
| 653 | 0 | _aOPERACION DE PROGRAMAS | |
| 653 | 0 | _aPROGRAMAS DEL ADULTO | |
| 653 | 0 | _aRELACION EDUCACION-TRABAJO | |
| 653 | 0 | _aRETRASO MENTAL | |
| 904 |
_aAC _b037541 |
||
| 905 | _aArticulo | ||
| 999 |
_c76847 _d76847 |
||